[Event "Niedersachsen-ch op-C"]
[Site "Verden"]
[Date "2017.01.06"]
[Round "3"]
[White "Lamottke, Nils"]
[Black "Walther, Jonas"]
[Result "1/2-1/2"]
[WhiteElo "1470"]
[BlackElo "1802"]
[PlyCount "114"]
[EventDate "2017.01.05"]
[EventType "swiss"]
[EventRounds "7"]
[EventCountry "GER"]
[SourceTitle "CBM 187 Extra"]
[Source "ChessBase"]
[SourceDate "2018.11.04"]
[SourceVersion "1"]
[SourceVersionDate "2018.11.04"]
[SourceQuality "1"]

1. e4 e5 2. Nf3 Nf6 3. Nxe5 d6 4. Nf3 Nxe4 5. d3 Nf6 6. d4 d5 7. Bf4 Bd6 8. Bxd6 Qxd6 9. Bd3 0-0 10. 0-0 Bg4 11. Nbd2 Nc6 12. c3 Ne7 13. Qc2 Ng6 14. Bxg6 hxg6 15. Ne5 Bf5 16. Qb3 Ng4 17. Ndf3 f6 18. Nxg4 Bxg4 19. Qd1 Qf4 20. h3 Bd7 21. Re1 Kf7 22. Re3 Rae8 23. Qd2 Qd6 24. Rae1 Rh8 25. Nh2 Rxe3 26. Rxe3 g5 27. Rf3 g4 28. Nxg4 Bxg4 29. hxg4 Qh2+ 30. Kf1 Qh1+ 31. Ke2 Qxg2 32. Qf4 Rh1 33. Qd2 Qxg4 34. Qe3 Rh3 35. Qf4 Qxf3+ 36. Qxf3 Rxf3 37. Kxf3 f5 38. b3 Kf6 39. Ke3 Kg5 40. c4 c6 41. f3 f4+ 42. Kf2 Kh4 43. Kg2 g5 44. cxd5 cxd5 45. Kh2 g4 46. Kg2 g3 47. a3 Kg5 48. Kh3 Kf5 49. a4 Ke6 50. b4 a5 51. b5 Kf5 52. Kg2 Kg5 53. Kg1 Kh5 54. Kh1 Kh4 55. Kg2 b6 56. Kg1 Kh3 57. Kh1 g2+ 1/2-1/2

[Event "Niedersachsen-ch op-B"]
[Site "Verden"]
[Date "2015.01.04"]
[Round "5"]
[White "Wehrhahn, Duncan"]
[Black "Lamottke, Nils"]
[Result "1-0"]
[WhiteElo "1307"]
[BlackElo "1169"]
[PlyCount "45"]
[EventDate "2015.01.02"]
[EventType "swiss"]
[EventRounds "7"]
[EventCountry "GER"]
[SourceTitle "EXT 2018"]
[Source "ChessBase"]
[SourceDate "2017.10.13"]
[SourceVersion "1"]
[SourceVersionDate "2017.10.13"]
[SourceQuality "1"]

1. e4 c5 2. Nf3 Nc6 3. Nc3 d6 4. h3 g6 5. Bc4 Bg7 6. d3 Nf6 7. Bg5 Bd7 8. 0-0 0-0 9. Re1 a6 10. a3 b5 11. Bb3 Re8 12. e5 dxe5 13. Nxe5 Nxe5 14. Rxe5 Qc7 15. Qe2 e6 16. Re1 Nd5 17. Bxd5 exd5 18. Rxe8+ Rxe8 19. Qxe8+ Bxe8 20. Rxe8+ Bf8 21. Bh6 Qd6 22. Rxf8+ Qxf8 23. Bxf8 1-0

[Event "Niedersachsen-ch U14"]
[Site "Rotenburg"]
[Date "2012.04.04"]
[Round "7"]
[White "Lamottke, Nils"]
[Black "Wang, Yanru"]
[Result "0-1"]
[WhiteElo "1209"]
[BlackElo "1251"]
[PlyCount "26"]
[EventDate "2012.03.31"]
[EventType "swiss"]
[EventRounds "9"]
[EventCountry "GER"]
[SourceTitle "EXT 2015"]
[Source "ChessBase"]
[SourceDate "2014.11.20"]
[SourceVersion "1"]
[SourceVersionDate "2014.11.20"]
[SourceQuality "1"]

1. e4 c6 2. Nc3 d5 3. exd5 cxd5 4. d4 Nc6 5. Nf3 Bg4 6. h3 Bh5 7. Bg5 f6 8. Bf4 e5 9. dxe5 fxe5 10. Bg5 Bxf3 11. Qxf3 Qxg5 12. Nxd5 0-0-0 13. Nc3 Qd2# 0-1

[Event "Niedersachsen-ch U14"]
[Site "Rotenburg"]
[Date "2012.04.02"]
[Round "4"]
[White "Lamottke, Nils"]
[Black "Nuerenberg, Marius"]
[Result "1/2-1/2"]
[WhiteElo "1209"]
[BlackElo "1446"]
[PlyCount "95"]
[EventDate "2012.03.31"]
[EventType "swiss"]
[EventRounds "9"]
[EventCountry "GER"]
[SourceTitle "EXT 2015"]
[Source "ChessBase"]
[SourceDate "2014.11.20"]
[SourceVersion "1"]
[SourceVersionDate "2014.11.20"]
[SourceQuality "1"]

1. e4 e6 2. d4 d5 3. e5 c5 4. c3 Nc6 5. Nf3 Qb6 6. a3 c4 7. Be2 Bd7 8. 0-0 Na5 9. Nbd2 Ne7 10. Rb1 Rc8 11. Qc2 Ng6 12. Re1 Be7 13. h3 Nh4 14. Nxh4 Bxh4 15. Nf3 Be7 16. Be3 Nb3 17. Nd2 Ba4 18. Nxb3 Bxb3 19. Qc1 0-0 20. Bd1 h6 21. Bxb3 Qxb3 22. Qd1 Qb5 23. Qg4 Kh8 24. f4 Rc6 25. Rf1 Rb6 26. Qe2 Qb3 27. g3 Qa2 28. Qf2 a6 29. h4 Rb3 30. h5 b5 31. g4 Bxa3 32. bxa3 Qxf2+ 33. Kxf2 Rxc3 34. Ra1 Rc2+ 35. Kf3 Rc3 36. Rfc1 Rd3 37. Rd1 Rc3 38. Rdc1 Rb3 39. Rcb1 a5 40. Rxb3 cxb3 41. Rb1 a4 42. Bd2 Rc8 43. Ke3 Rc2 44. Kd3 Ra2 45. Bc1 Rc2 46. Bd2 Ra2 47. Bc1 Rc2 48. Bd2 1/2-1/2